00628nam a2200169 a 450000100100000000500170001000800410002704000250006808200150009310000370010824500570014526000300020230000200023250000760025295201130032899900170044100004512520201002045911.0150204s2004 dr 000 0 spa d aDO-SdBNPbspacBNPHU axxxxbxxxx1 aVentura, José Alexander95732210aCrítico de críticos /cJosé Alexander Ventura. a[s. l. :bs. n.,cs. f.]. a75 p. ;c21 cm. aIncluye datos biográficos del autor en la solapa de la contracubierta 0010718PDaPDbPDcCTd2015-02-04iLF1l0oxxxx xxxxp45125-10r2020-06-25w2020-06-25yLFPDZNo se presta c44614d44614